ბათუმის შოთა რუსთაველის სახელმწიფო უნივერსიტეტის ბიბლიოთეკა

Коррозионная стойкость оборудования химических производств.Нефтеперерабатывающая промышленность. (ბიბ.ჩანაწერი № 37333)

000 -LEADER
fixed length control field 00798nam a2200217Ia 4500
001 - CONTROL NUMBER
control field 3292
003 - CONTROL NUMBER IDENTIFIER
control field GE_BSU
008 - FIXED-LENGTH DATA ELEMENTS--GENERAL INFORMATION
fixed length control field 181216s||||||||xx |||||||||||||| ||und||
020 ## - INTERNATIONAL STANDARD BOOK NUMBER
International Standard Book Number 5724504626
040 ## - CATALOGING SOURCE
Transcribing agency GE_BSU
080 ## - UNIVERSAL DECIMAL CLASSIFICATION NUMBER
Universal Decimal Classification number 665.6/.7(035)
245 ## - TITLE STATEMENT
Title Коррозионная стойкость оборудования химических производств.Нефтеперерабатывающая промышленность.
245 ## - TITLE STATEMENT
Remainder of title Справ. изд.
245 ## - TITLE STATEMENT
Statement of responsibility, etc. Под. ред. Ю.И.Арчакова, А.М.Сухотина.
260 ## - PUBLICATION, DISTRIBUTION, ETC.
Place of publication, distribution, etc. Л.
260 ## - PUBLICATION, DISTRIBUTION, ETC.
Name of publisher, distributor, etc. Химия.
260 ## - PUBLICATION, DISTRIBUTION, ETC.
Date of publication, distribution, etc. 1990.
300 ## - PHYSICAL DESCRIPTION
Extent 400 стр. 22 см.
653 ## - INDEX TERM--UNCONTROLLED
Uncontrolled term Коррозионная стойкость оборудования химических производств.
942 ## - ADDED ENTRY ELEMENTS (KOHA)
Koha item type წიგნი
ეგზემპლარები
Withdrawn status Lost status Damaged status Not for loan Date acquired Barcode Date last seen Price effective from Koha item type Public note
        2018-12-17 9885 2018-12-17 2018-12-17 წიგნი დარბაზი
        2018-12-17 9558 2018-12-17 2018-12-17 წიგნი დარბაზი